Význam environmentálnej udržateľnosti v obchodnej politike Európskej únie diplomová práca

Na minha lista:
Detalhes bibliográficos
Autor principal: Jakubík, David
Autor Corporativo: Obchodná fakulta EU. Katedra medzinárodného obchodu
Outros Autores: Kittová, Zuzana, 1975-
Formato: Livro
Idioma:eslovaco
Publicado em: Bratislava 2024
Tags: Adicionar Tag
Sem tags, seja o primeiro a adicionar uma tag!

MARC

LEADER 00000nbm a2200000 4500
001 0302299
005 20250113101653.3
041 0 |a slo 
044 |a SK 
245 1 0 |a Význam environmentálnej udržateľnosti v obchodnej politike Európskej únie  |b diplomová práca  |c David Jakubík ; školiteľ: Zuzana Kittová 
264 1 |a Bratislava  |c 2024 
300 |a 89 s. 
100 1 |a Jakubík, David 
700 1 |a Kittová, Zuzana, 1975- 
710 2 |a Obchodná fakulta EU. Katedra medzinárodného obchodu